My GURU My Mentor My GOD on Earth (Record no. 23156)

MARC details
000 -LEADER
fixed length control field 00293nam a22001337a 4500
082 ## - DEWEY DECIMAL CLASSIFICATION NUMBER
Classification number 294.54
Author Cutter RAV
100 ## - MAIN ENTRY--AUTHOR NAME
Author name Ravi
245 ## - TITLE STATEMENT
Title My GURU My Mentor My GOD on Earth
260 ## - PUBLICATION, DISTRIBUTION, ETC. (IMPRINT)
Place of publication Banglore
Name of publisher AIR
Year of publication 2019
300 ## - PHYSICAL DESCRIPTION
Number of Pages 180
650 ## - SUBJECT ADDED ENTRY--TOPICAL TERM
Topical Term Spiritual life -- Hinduism.
942 ## - ADDED ENTRY ELEMENTS (KOHA)
Koha item type Books
Holdings
Home library Current library Shelving location Date acquired Source of acquisition Full call number Accession Number Koha item type
Henry Martyn Institute Library Henry Martyn Institute Library General stacks 10/14/2021 Yoginder Singh 294.54 RAV 11004476 Books
                   Copyright © 2026 | Henry Martyn Institute | Hyderabad | TS-500052 | INDIA | Implemented by hmi.edu.in
Hit-Count:

Powered by Koha